[Event "DVM U14w 2013"]
[Site "Oberbernhards-Hilders GER"]
[Date "2014.06.28"]
[Round "6"]
[White "Schilay, Eva"]
[Black "Wettach, Imke Eileen"]
[Result "0-1"]
[Termination "normal"]
[Board "6.2"]
[WhiteElo "1232"]
[BlackElo "800"]
[WhiteTeam "SK Neumarkt"]
[BlackTeam "SK Bebenhausen 1992"]
[PlyCount "60"]
[WhiteFideId "12930164"]
[BlackFideId "12983519"]
[EventCountry "GER"]
[EventRounds "7"]
[EventType "team-swiss"]
[EventDate "2013.12.26"]

1. e4 c5 2. Nc3 Nc6 3. d3 g6 4. g3 Bg7 5. Bg2 Nf6 6. Be3 d6 7. h3 Bd7 8. Qd2
Qc7 9. Bg5 h6 10. Be3 O-O-O 11. O-O-O Be6 12. f4 Qa5 13. a3 Nd7 14. Nge2 Nb4
15. Kb1 Nc6 16. Rhf1 f5 17. exf5 gxf5 18. Bxc6 bxc6 19. Rfe1 Nb6 20. d4 Nc4 21.
Qc1 Kc7 22. dxc5 dxc5 23. Rxd8 Rxd8 24. Rd1 Rb8 25. b3 Nxa3+ 26. Kb2 Nc4+ 27.
Kb1 Bxc3 28. Nxc3 Qxc3 29. Bd2 Nxd2+ 30. Rxd2 c4 0-1

[Event "DVM U14w 2013"]
[Site "Oberbernhards-Hilders GER"]
[Date "2014.06.28"]
[Round "6"]
[White "Dobryden, Arina Sergeevna"]
[Black "Schilay, Maria"]
[Result "0-1"]
[Termination "normal"]
[Board "6.3"]
[WhiteElo "800"]
[BlackElo "1090"]
[WhiteTeam "SK Bebenhausen 1992"]
[BlackTeam "SK Neumarkt"]
[PlyCount "52"]
[WhiteFideId "12983527"]
[BlackFideId "12942979"]
[EventCountry "GER"]
[EventRounds "7"]
[EventType "team-swiss"]
[EventDate "2013.12.26"]

1. c4 e5 2. Nc3 Nc6 3. g3 g6 4. Bg2 Bg7 5. d3 Nf6 6. Nf3 d6 7. O-O Be6 8. Qb3
Rb8 9. a3 O-O 10. Qc2 Qd7 11. Bd2 Rfe8 12. b4 h6 13. b5 Ne7 14. a4 Bh3 15. Be3
Ra8 16. Rab1 b6 17. Nd2 Rad8 18. Rfe1 Bxg2 19. Kxg2 c6 20. Kf1 Qh3+ 21. Kg1 Ng4
22. Nf3 Nf5 23. Bd2 c5 24. Nd5 Nd4 25. Ne3 Nxf3+ 26. Kh1 Qxh2# 0-1

[Event "DVM U14w 2013"]
[Site "Oberbernhards-Hilders GER"]
[Date "2014.06.28"]
[Round "6"]
[White "Held, Fabienne"]
[Black "Hanser, Amelie"]
[Result "1-0"]
[Termination "normal"]
[Board "6.4"]
[WhiteElo "882"]
[BlackElo "800"]
[WhiteTeam "SK Neumarkt"]
[BlackTeam "SK Bebenhausen 1992"]
[PlyCount "137"]
[WhiteFideId "12964670"]
[BlackFideId "12983535"]
[EventCountry "GER"]
[EventRounds "7"]
[EventType "team-swiss"]
[EventDate "2013.12.26"]

1. e4 c5 2. Nc3 Nc6 3. Bc4 g6 4. d3 Bg7 5. Be3 b6 6. Qd2 Nf6 7. Nge2 O-O 8. O-O
e6 9. f4 d5 10. Bb5 d4 11. Bxc6 Rb8 12. Bf2 dxc3 13. Qxc3 Ng4 14. Qd2 Nxf2 15.
Rxf2 Bxb2 16. Rb1 Bg7 17. Ng3 Bd4 18. Rbf1 Bxf2+ 19. Rxf2 f5 20. Qc3 Bd7 21.
Bxd7 Qxd7 22. Rf1 Qd4+ 23. Qxd4 cxd4 24. Ne2 Rbc8 25. Nxd4 fxe4 26. dxe4 Rfe8
27. Rf2 Rc4 28. Rd2 Ra4 29. c3 e5 30. fxe5 Rxe5 31. Re2 Rea5 32. Nb3 Re5 33.
Kf2 Rc4 34. Re3 a5 35. Kf3 Rc8 36. Rd3 Rce8 37. Rd4 Rf8+ 38. Ke3 b5 39. Nxa5
Ra8 40. Nb3 Rxa2 41. Nd2 h5 42. Kf4 Rc5 43. Rd3 g5+ 44. Ke3 Kh7 45. Kd4 Rc7 46.
e5 Re7 47. Kd5 Ra4 48. Kd6 Raa7 49. e6 Re8 50. Rf3 Raa8 51. e7 Ra7 52. Re3 Rb8
53. e8=Q Rxe8 54. Rxe8 g4 55. Re5 h4 56. Rxb5 h3 57. gxh3 gxh3 58. c4 Ra8 59.
c5 Rc8 60. c6 Rxc6+ 61. Kxc6 Kg7 62. Re5 Kf6 63. Kd6 Kg6 64. Ke6 Kg7 65. Ke7
Kh6 66. Kf6 Kh7 67. Kf7 Kh6 68. Rd5 Kh7 69. Rh5# 1-0